000 00598nam a2200229Ia 4500
001 48798
005 20240114003924.0
007 ta
008 090521s1961 g b000 u 465 u
040 _aCotton College,Assam
041 _a465
082 _a551.5
_bK 344C
100 _aKendrew, W G .
245 0 _aThe Climates of The Continents /
_cW G Kendrew.
_hTextual Documents
250 _a5th ed /
260 _aOxford :
_bAt the Clarendon Press ,
_c1961.
300 _a608 p ;
_c23 cm.
653 _aEarth Science
942 _2ddc
_cBK
999 _c48763
_d48763